Najrzadziej występujące litery w alfabecie polskim - whammies - Statystyki

Ogólne statystyki
  • Ten quiz został rozwiązany 5 594 razy
  • Średni wynik to 5 z 10
Statystyki odpowiedzi
% Litera % Poprawnych
0,06 Ź
78%
0,83 Ż
78%
0,02 X
60%
0,40 Ć
54%
0,14 Q
48%
0,04 V
46%
0,85 Ó
40%
0,66 Ś
38%
0,20 Ń
33%
0,30 F
18%
Nie znaleziono quizów pasujących do podanych kryteriów
Rozkład punktacji
Procent ludzi z każdym wynikiem
Percentyl według liczby udzielonych odpowiedzi
Twoja historia wyników
Nie rozwiązałeś tego quizu